Detalles MARC
| 000 -LIDER |
| fixed length control field |
00998nam a2200277 a 4500 |
| 001 - NÚMERO DE CONTROL |
| Identificador de número de control |
000044684 |
| 003 - IDENTIFICACDOR DE NÚMERO DE CONTROL |
| control field |
DO-SdBNP |
| 005 - DATE AND TIME OF LATEST TRANSACTION |
| control field |
20240301110209.0 |
| 007 - CAMPOS FIJOS DE DESCRIPCIÓN FÍSICA |
| fixed length control field |
000044684 |
| 008 - ELEMENTOS DE LONGITUD FIJA |
| fixed length control field |
141216s1990 dr 000 0 spa d |
| 040 ## - FUENTE DE CATALOGACIÓN |
| Agencia que crea de manera original el registro |
BPMSU |
| Idioma de catalogación |
spa |
| Agencia que realiza la transcripción |
BPMSU |
| 082 #4 - NÚMERO DE CLASIFICACIÓN DECIMAL DE DEWEY |
| Classification number |
410.1 |
| Item number |
R789e 1990 |
| Edition number |
22 |
| 100 1# - ASIENTO PRINCIPAL -- NOMBRE PERSONAL |
| Nombre personal |
Rosario Candelier, Bruno |
| Fechas asociadas con el nombre |
1941- |
| 245 10 - MENCIÓN DE TITULO |
| Título |
Ensayos lingüísticos / |
| Mención de responsabilidad |
Bruno Rosario Candelier. |
| 260 ## - PUBLICACIÓN, DISTRIBUCIÓN, ETC. (PIE DE IMPRENTA) |
| Lugar de publicación, distribución, etc |
Santo Domingo : |
| Nombre del editor, distribuidor, etc. |
Departamento de Publicaciones, Pontificia Universidad Catóica Madre y Maestra, |
| Fecha de publicación, distribución, etc |
1990. |
| 300 ## - DESCRIPCIÓN FÍSICA |
| Extensión |
338 p. : |
| Otros detalles físicos |
il. ; |
| Dimensiones |
23 cm. |
| 490 0# - MENCIÓN DE SERIES |
| Mención de serie |
Estudios (Universidad Catóica Madre y Maestra), |
| -- |
151 |
| 500 ## - NOTA GENERAL |
| Nota general |
Incluye referencias bibliográficas y notas al pie de las páginas |
| 500 ## - NOTA GENERAL |
| Nota general |
Incluye datos biográficos del autor en la solapa de la contracubierta |
| 590 ## - NOTA LOCAL |
| Texto de la nota local |
Inventariado, 2024/VM |
| 650 #4 - ENCABEZAMIENTO DE MATERIA--TEMÁTICO |
| Término temático o nombre geográfico como elemento de entrada |
Lingüística |
| 650 #4 - ENCABEZAMIENTO DE MATERIA--TEMÁTICO |
| Término temático o nombre geográfico como elemento de entrada |
Lenguaje y lenguas |
| 650 #4 - ENCABEZAMIENTO DE MATERIA--TEMÁTICO |
| Término temático o nombre geográfico como elemento de entrada |
Filosofía del lenguaje |
| 910 ## - VALIDACIÓN |
| Validación |
VMateo V. Control de calidad. BPMSU |
| 942 ## - ADDED ENTRY ELEMENTS (KOHA) |
| Source of classification or shelving scheme |
Dewey Decimal Classification |
| Koha item type |
Libros |